Vista normal Vista MARC

Entrada Topical Term

Número de registros utilizados en: 1

001 - CONTROL NUMBER

  • control field: 38481

003 - CONTROL NUMBER IDENTIFIER

  • control field: OSt

005 - DATE AND TIME OF LATEST TRANSACTION

  • control field: 20210715114529.0

008 - FIXED-LENGTH DATA ELEMENTS

  • fixed length control field: 210715|| aca||aabn | a|a d

040 ## - CATALOGING SOURCE

  • Original cataloging agency: OSt
  • Transcribing agency: OSt

150 ## - HEADING--TOPICAL TERM

  • Topical term or geographic name entry element: Servicios financieros
  • Geographic subdivision: México

670 ## - SOURCE DATA FOUND

  • Source citation: Work cat.: (OSt)11901: Silva Castro, Verónica, autora 26756, Las instituciones microfinancieras en México : , 2013.